[Event "winter tournament"]
[Site "SchemingMind.com"]
[Date "2013.12.11"]
[Round "-"]
[White "poisonpawn1"]
[Black "Clive Everill"]
[Result "1-0"]
[WhiteCountry "ENG"]
[BlackCountry "CZE"]
[WhiteElo "1584"]
[WhiteRD "78"]
[BlackElo "1702"]
[BlackRD "52"]
[GameID "343523"]

1. b4 e5 2. a3 d5 3. d3 Be7 4. Nf3 Qd6 5. Bb2 Bf6 6. e4 Bg4 7. Nbd2 Ne7 8. Be2 Nd7 9. h3 Bh5 10. g4 Bg6
11. g5 dxe4 12. Nxe4 Qb6 13. gxf6 gxf6 14. Rg1 O-O-O 15. c4 Bxe4 16. dxe4 Nc5 17. Qc2 Ne6 18. Bc1 c5 19. Be3 Nd4 20. Nxd4 cxd4
21. Bd2 h5 22. c5 Qc7 23. Rg7 Rdf8 24. O-O-O Nc6 25. Rdg1 a6 26. Bc4 b5 27. Bd5 Nd8 28. a4 Qd7 29. axb5 Qxb5 30. Qb3 Qe2
31. h4 Qxf2 32. Qh3+ Kc7 33. R7g2 Qxg2 34. Rxg2 Nc6 35. Qf5 Na7 36. Qxf6 Nb5 37. Qc6+ Kd8 38. Bg5+ f6 39. Bxf6+
1-0

[Event "winter tournament"]
[Site "SchemingMind.com"]
[Date "2013.12.11"]
[Round "-"]
[White "Clive Everill"]
[Black "poisonpawn1"]
[Result "0-1"]
[WhiteCountry "CZE"]
[BlackCountry "ENG"]
[WhiteElo "1702"]
[WhiteRD "52"]
[BlackElo "1584"]
[BlackRD "78"]
[GameID "343528"]

1. e4 e5 2. f4 exf4 3. Nf3 g5 4. h4 g4 5. Ne5 Qe7 6. d4 d6 7. Nxg4 Qxe4+ 8. Qe2 Qe7 9. Qxe7+ Bxe7 10. Be2 Nc6
11. c3 h5 12. Nf2 Nf6 13. Bxf4 Nd5 14. Bd2 Bf5 15. Na3 O-O-O 16. O-O-O Nf6 17. Bg5 Rdg8 18. Rde1 Be6 19. b3 Nd5 20. Ne4 f5
21. Bxe7 fxe4 22. Bg5 Nxc3 23. Bc4 Bxc4 24. Nxc4 Nxa2+ 25. Kb2 Nab4 26. Rxe4 d5 27. Re6 dxc4 28. bxc4 Nxd4 29. Re4 Nd3+ 30. Kc3 Nf2
31. Rxd4 Nxh1 32. Rd1 Ng3 33. Kb4 Ne4 34. Be3 Rxg2 35. Bd4 Rd8 36. c5 Nd2 37. Bc3 Rg4+ 38. Kb5 a6+ 39. Ka5 Nb3#
0-1

[Event "winter tournament"]
[Site "SchemingMind.com"]
[Date "2013.12.13"]
[Round "-"]
[White "alexyongpohweng"]
[Black "James Reed"]
[Result "0-1"]
[WhiteCountry "MAS"]
[BlackCountry "ENG"]
[WhiteElo "1287"]
[WhiteRD "45"]
[BlackElo "1443"]
[BlackRD "62"]
[GameID "343585"]

1. e4 c5 2. Bc4 e6 3. Qf3 Nc6 4. Nc3 Nf6 5. a3 a6 6. Nh3 h6 7. O-O Bd6 8. Ba2 b5 9. b3 O-O 10. Bb2 Re8
11. b4 cxb4 12. axb4 Bxb4 13. Rfd1 Ne5 14. Qe3 Bb7 15. d3 Qc7 16. Nf4 Bxc3 17. Bxc3 Qxc3 18. Ne2 Qxc2 19. Nd4 Qc7 20. Nf3 Nxf3+
21. Qxf3 a5 22. Bb1 a4 23. Ba2 b4 24. Rdc1 Qb6 25. Bb1 e5 26. Bc2 b3 27. Bxb3 axb3 28. Rab1 b2 29. Rc2 Ra2 30. Qe2 Qd4
31. Rcxb2 Rxb2 32. Rxb2 Ba6 33. Ra2 Bxd3 34. Qe1 Nxe4 35. Ra1 Rb8
0-1

[Event "winter tournament"]
[Site "SchemingMind.com"]
[Date "2013.12.13"]
[Round "-"]
[White "James Reed"]
[Black "alexyongpohweng"]
[Result "1-0"]
[WhiteCountry "ENG"]
[BlackCountry "MAS"]
[WhiteElo "1420"]
[WhiteRD "66"]
[BlackElo "1230"]
[BlackRD "45"]
[GameID "343593"]

1. e4 e5 2. Nf3 d6 3. d4 exd4 4. c3 dxc3 5. bxc3 Nf6 6. Bg5 Be7 7. Bxf6 Bxf6 8. Bc4 O-O 9. h3 c6 10. O-O b5
11. Bb3 a5 12. Qd2 a4 13. Bc2 a3 14. Re1 Bb7 15. Nxa3 Rxa3 16. Bb3 c5 17. Qc1 Ra8 18. Bd5 Bxd5 19. exd5 Nd7 20. a3 c4
21. Qc2 Nc5 22. Nd4 Bxd4 23. cxd4 Nb7 24. a4 bxa4 25. Qxc4 f6 26. Rxa4 Rxa4 27. Qxa4 Qc8 28. Qd1 Qf5 29. Re7 Nd8 30. Qb3 Qf4
31. Qd1 Nf7 32. Ra7 Qe4 33. f3 Qxd5 34. Kh2 Qc6 35. d5 Qc8 36. Ra6 Qxa6 37. Qc1 Qc8 38. Qe1 Re8 39. Qg3 Qc5 40. f4 Qxd5
41. h4 Qd1 42. Qh3 Qd5 43. Qd7 Re2 44. Qc8+
1-0

[Event "winter tournament"]
[Site "SchemingMind.com"]
[Date "2013.12.18"]
[Round "-"]
[White "SAMAEL"]
[Black "kubinet"]
[Result "1-0"]
[WhiteCountry "CAN"]
[BlackCountry "GER"]
[WhiteElo "1759"]
[WhiteRD "59"]
[BlackElo "1188"]
[BlackRD "45"]
[GameID "343659"]

1. e4 e5 2. Nf3 Nc6 3. d3 Bc5 4. Be2 Nf6 5. h3 O-O 6. O-O h6 7. Nc3 a6 8. a3 d6 9. Bd2 Ne7 10. Kh1 Be6
11. Na4 Ba7 12. c4 Rb8 13. b4 c6 14. Nh2 Nd7 15. f4 exf4 16. Bxf4 Nf6 17. Ng4 Ng6 18. Nxf6+ Qxf6 19. Bxd6 Qg5 20. Qc1 Be3
21. Qc2 Nh4 22. Bf3 Rbd8 23. Bxf8 Kxf8 24. Rae1 Bf4 25. g4 Bg3 26. Rd1 Nxf3 27. Rxf3
1-0

[Event "winter tournament"]
[Site "SchemingMind.com"]
[Date "2013.12.14"]
[Round "-"]
[White "kubinet"]
[Black "SAMAEL"]
[Result "0-1"]
[WhiteCountry "GER"]
[BlackCountry "CAN"]
[WhiteElo "1188"]
[WhiteRD "45"]
[BlackElo "1759"]
[BlackRD "59"]
[GameID "343664"]

1. e4 e5 2. Nf3 d6 3. d4 exd4 4. Nxd4 Be7 5. Nc3 Nf6 6. Bc4 Bd7 7. O-O O-O 8. h3 Nc6 9. Be3 Nxd4 10. Bxd4 Be6
11. Bd3 h6 12. f4 Rc8 13. Qe2 c5 14. Bxf6 Bxf6 15. e5 dxe5 16. fxe5 Qd4+ 17. Kh1 Qxe5 18. Ne4 Be7 19. c3 f5 20. Nd2 Qxe2
21. Bxe2 Bg5 22. Nf3 Bf6 23. a3 a5 24. Rae1 Bd7 25. Bc4+ Kh8 26. Ne5 Bxe5 27. Rxe5 b5 28. Bd3 g6
0-1

[Event "winter tournament"]
[Site "SchemingMind.com"]
[Date "2013.12.16"]
[Round "-"]
[White "cnile"]
[Black "Kenny Elliott"]
[Result "1-0"]
[WhiteCountry "SCO"]
[BlackCountry "USA"]
[WhiteElo "1472"]
[WhiteRD "62"]
[BlackElo "1356"]
[BlackRD "104"]
[GameID "343880"]

1. Nf3 d5 2. d4 Nf6 3. c4 c6 4. Nc3 Bf5 5. e3 e6 6. Be2 Bb4 7. O-O O-O 8. Bd2 Qd6 9. Rc1 Ng4 10. a3 Bxc3
11. bxc3 Qxa3 12. cxd5 cxd5 13. Nh4 Nf6 14. Nxf5 exf5 15. Ra1 Qd6 16. Qb3 b6 17. c4 Ne4 18. Bb4 Nc5 19. Qa3 Nbd7 20. Bf3 Qb8
21. Bxd5 Nb7 22. Bxf8 Nxf8 23. Qe7
1-0

[Event "winter tournament"]
[Site "SchemingMind.com"]
[Date "2013.12.16"]
[Round "-"]
[White "Kenny Elliott"]
[Black "cnile"]
[Result "1-0"]
[WhiteCountry "USA"]
[BlackCountry "SCO"]
[WhiteElo "1356"]
[WhiteRD "104"]
[BlackElo "1472"]
[BlackRD "62"]
[GameID "343886"]

1. d4 Nf6 2. c4 c5 3. Nf3 e6 4. Bg5 h6 5. Bh4 Be7 6. Qb3 Qa5+ 7. Nc3 cxd4 8. Nxd4 d6 9. e3 Nbd7 10. Bd3 a6
11. O-O Nc5 12. Qd1 Nxd3 13. Qxd3 Bd7 14. Rfb1 Rc8 15. b4 Qd8 16. a4 d5 17. c5 O-O 18. b5 Bxc5 19. bxa6 bxa6 20. Qxa6 Be7
21. Bxf6 Rxc3 22. Nxe6 Bxe6 23. Bxc3 Bf6 24. Bxf6 Qxf6 25. a5 Qe5 26. Qb5 Qc7 27. a6 Rc8 28. a7 Ra8 29. Qb7 Qc2 30. Qxa8+
1-0

[Event "winter tournament"]
[Site "SchemingMind.com"]
[Date "2013.12.23"]
[Round "-"]
[White "Daryl Fouard"]
[Black "APB"]
[Result "0-1"]
[WhiteCountry "USA"]
[BlackCountry "ENG"]
[WhiteElo "1646"]
[WhiteRD "73"]
[BlackElo "1690"]
[BlackRD "65"]
[GameID "344148"]

1. e4 c5 2. g3 g6 3. Bg2 Bg7 4. f4 d6 5. Nf3 Nc6 6. O-O e5 7. d3 Nge7 8. c3 h6 9. Be3 exf4 10. Bxf4 O-O
11. Nbd2 g5 12. Be3 Be6 13. Qc2 Qc7 14. d4 Na5 15. a3 g4 16. Nh4 cxd4
0-1

[Event "winter tournament"]
[Site "SchemingMind.com"]
[Date "2013.12.23"]
[Round "-"]
[White "APB"]
[Black "Daryl Fouard"]
[Result "1-0"]
[WhiteCountry "ENG"]
[BlackCountry "USA"]
[WhiteElo "1690"]
[WhiteRD "65"]
[BlackElo "1646"]
[BlackRD "73"]
[GameID "344152"]

1. e4 c5 2. Nf3 g6 3. Bc4 Bg7 4. d4 cxd4 5. Nxd4 Nc6 6. Nxc6 bxc6 7. Qf3 Nf6 8. Bxf7+ Kxf7 9. e5 Re8 10. O-O Kg8
11. exf6 exf6 12. Qb3+ d5 13. Be3 Be6 14. Qb4 a5 15. Qc5 Bd7 16. Nc3 Bf8 17. Qd4 Bf5 18. Rac1 c5 19. Qxd5+ Kg7 20. Qc4 Be6
21. Qh4 g5 22. Qe4 Bxa2 23. Qa4 Bf7 24. h4 h6 25. hxg5 hxg5 26. Qc6 Re6 27. Qf3 Bd6 28. Ne4 Be7 29. Rfd1 Qc7 30. Nxc5 Bxc5
31. Qxa8 Bxe3 32. fxe3 Rxe3 33. Qa6 Qc5 34. Kh1 Bd5 35. Rxd5 Qxd5 36. Qa7+ Kg6 37. Qxe3
1-0

[Event "winter tournament"]
[Site "SchemingMind.com"]
[Date "2013.12.24"]
[Round "-"]
[White "Scooter"]
[Black "Simon Green"]
[Result "1-0"]
[WhiteCountry "USA"]
[BlackCountry "ENG"]
[WhiteElo "1674"]
[WhiteRD "49"]
[BlackElo "1587"]
[BlackRD "53"]
[GameID "344230"]

1. d4 e6 2. Nf3 d5 3. Bg5 Be7 4. Bxe7 Qxe7 5. c3 c5 6. e3 c4 7. Nbd2 Nf6 8. Be2 Nc6 9. O-O b5 10. b4 a5
11. a3 a4 12. h3 h6 13. Re1 O-O 14. Ne5 Nxe5 15. dxe5 Nd7 16. Nf3 f5 17. exf6 Nxf6 18. Nd4 Bd7 19. Bf3 e5 20. Nc2 e4
21. Bg4 Nxg4 22. hxg4 Qh4 23. Qxd5+ Kh8 24. Rf1 Bxg4 25. Qxe4 Qg5 26. Nd4 Rae8 27. Qc6 Rb8 28. f4 Qe7 29. Rae1 Bd7 30. Qg6 Rf6
31. Qh5 Qe4 32. Qf3 Qg6 33. e4 Bg4 34. Qe3 h5 35. e5 Rf7 36. e6 Rff8 37. e7 Rfe8 38. f5 Qb6 39. f6 gxf6 40. Qh6+ Kg8
41. Rxf6
1-0

[Event "winter tournament"]
[Site "SchemingMind.com"]
[Date "2013.12.24"]
[Round "-"]
[White "wight knight"]
[Black "maro"]
[Result "1-0"]
[WhiteCountry "ENG"]
[BlackCountry "MEX"]
[WhiteElo "1331"]
[WhiteRD "53"]
[BlackElo "1442"]
[BlackRD "56"]
[GameID "344231"]

1. e4 e5 2. Bc4 Nc6 3. c3 d6 4. d3 Nf6 5. Qf3 Bg4 6. Qg3 Qd7 7. f3 Nh5 8. Qxg4 g6 9. Qxd7+ Kxd7 10. Bxf7 Be7
11. Bd5 Nf4 12. Bxc6+ Kxc6 13. Bxf4 exf4 14. g3 fxg3 15. hxg3 h5 16. Nd2 Bf6 17. O-O-O Bg5 18. f4 Bh6 19. f5 gxf5 20. exf5 Raf8
21. Rf1 Bg5 22. Nh3 Be3 23. Nf4 Rxf5 24. Ng6 Rxf1+ 25. Rxf1 Rg8 26. Ne7+
1-0

[Event "winter tournament"]
[Site "SchemingMind.com"]
[Date "2013.12.25"]
[Round "-"]
[White "Simon Green"]
[Black "Scooter"]
[Result "1-0"]
[WhiteCountry "ENG"]
[BlackCountry "USA"]
[WhiteElo "1625"]
[WhiteRD "57"]
[BlackElo "1727"]
[BlackRD "49"]
[GameID "344237"]

1. d4 Nf6 2. e3 g6 3. Bd3 Bg7 4. f4 O-O 5. Nf3 d6 6. O-O Bg4 7. Nbd2 Nbd7 8. Qe1 Bxf3 9. Nxf3 c5 10. c3 cxd4
11. exd4 a6 12. Bd2 b5 13. f5 Nb6 14. fxg6 fxg6 15. Ng5 Re8 16. Qe6+
1-0

[Event "winter tournament"]
[Site "SchemingMind.com"]
[Date "2013.12.25"]
[Round "-"]
[White "maro"]
[Black "wight knight"]
[Result "1-0"]
[WhiteCountry "MEX"]
[BlackCountry "ENG"]
[WhiteElo "1442"]
[WhiteRD "56"]
[BlackElo "1331"]
[BlackRD "53"]
[GameID "344238"]

1. d4 d5 2. Nc3 c6 3. Nf3 f6 4. e3 Bg4 5. Be2 Bxf3 6. Bxf3 e5 7. O-O e4 8. Bh5+ g6 9. Bg4 f5 10. Be2 Bb4
11. Bd2 Bxc3 12. Bxc3 Nf6 13. Bb4 Na6 14. Bxa6 bxa6 15. Qe2 Rb8 16. a3 Qc7 17. Rfc1 Ng4 18. g3 Qg7 19. Qxa6 Qb7 20. Qa4 Qb5
21. Qxa7 Qb7 22. Qc5 Nf6 23. c3 Kd8 24. Qd6+ Nd7 25. Ba5+ Kc8 26. c4 dxc4 27. Rxc4 Qb5 28. Qc7#
1-0

[Event "winter tournament"]
[Site "SchemingMind.com"]
[Date "2014.01.25"]
[Round "-"]
[White "maro"]
[Black "emvarela"]
[Result "1-0"]
[WhiteCountry "MEX"]
[BlackCountry "ARG"]
[WhiteElo "1429"]
[WhiteRD "55"]
[BlackElo "1753"]
[BlackRD "48"]
[GameID "346072"]

1. e4 e5 2. Nf3 Nc6 3. Nc3 Nf6 4. Bc4 Nxe4 5. Nxe4 d5 6. Bb5 f6 7. Ng3 Bd7 8. O-O a6 9. Be2 Bd6 10. b3 e4
11. Nh4 Bxg3 12. fxg3 Kf7 13. Bh5+ g6 14. Bg4 Ne5 15. Bxd7 Nxd7 16. Bb2 Rf8 17. Ba3 c5 18. d4 b6 19. dxc5 Nxc5 20. Bxc5 bxc5
21. Rf2 d4 22. Qg4 e3 23. Re2 Qc8 24. Qe4 Ra7 25. Rf1 Qe6 26. Qd3 Kg7 27. h3 Raf7 28. g4 Qd6 29. c4 Qg3 30. Nf3 f5
31. gxf5 Rxf5 32. Kh1 g5 33. Kg1 Rxf3 34. Rxf3 Rxf3 35. Qd1
1-0

[Event "winter tournament"]
[Site "SchemingMind.com"]
[Date "2014.01.25"]
[Round "-"]
[White "emvarela"]
[Black "maro"]
[Result "1-0"]
[WhiteCountry "ARG"]
[BlackCountry "MEX"]
[WhiteElo "1732"]
[WhiteRD "45"]
[BlackElo "1423"]
[BlackRD "58"]
[GameID "346074"]

1. e4 e5 2. Nf3 Nf6 3. Nxe5 Nxe4 4. Qe2 d5 5. d3 Qe7 6. dxe4 Qxe5 7. exd5 Qxe2+ 8. Bxe2 Bd6 9. O-O O-O 10. Be3 Bf5
11. c3 c6 12. dxc6 Nxc6 13. Nd2 Rad8 14. Bf3 Ne5 15. Bxa7 Nd3 16. Nc4 b5 17. Nxd6 Rxd6 18. Bd4 f6 19. b3 Nf4 20. Bc5
1-0

[Event "winter tournament"]
[Site "SchemingMind.com"]
[Date "2014.01.25"]
[Round "-"]
[White "cnile"]
[Black "APB"]
[Result "0-1"]
[WhiteCountry "SCO"]
[BlackCountry "ENG"]
[WhiteElo "1482"]
[WhiteRD "62"]
[BlackElo "1707"]
[BlackRD "69"]
[GameID "346088"]

1. e4 c5 2. Nc3 d6 3. Nge2 Nf6 4. g3 g6 5. Bg2 Nc6 6. O-O e5 7. d3 Bg7 8. Be3 O-O 9. Qd2 Ng4 10. Nd5 Nxe3
11. Qxe3 Be6 12. Nec3 Nd4 13. Rac1 b5 14. a3 a5 15. Kh1 b4 16. axb4 axb4 17. Ne2 Ra2 18. Rb1 Bxd5 19. exd5 Nxc2 20. Qd2 b3
21. Nc1 Na3 22. Nxa2 Nxb1 23. Qa5 Qxa5
0-1

[Event "winter tournament"]
[Site "SchemingMind.com"]
[Date "2014.01.24"]
[Round "-"]
[White "APB"]
[Black "cnile"]
[Result "1-0"]
[WhiteCountry "ENG"]
[BlackCountry "SCO"]
[WhiteElo "1753"]
[WhiteRD "69"]
[BlackElo "1483"]
[BlackRD "67"]
[GameID "346089"]

1. e4 e6 2. d4 d5 3. Nc3 Bb4 4. e5 c5 5. a3 Bxc3+ 6. bxc3 Nc6 7. Nf3 Nge7 8. dxc5 Qa5 9. Bd2 Qxc5 10. Bd3 Ng6
11. O-O Ngxe5 12. Nxe5 Nxe5 13. Be2 O-O 14. Kh1 b6 15. f4 Nc4 16. Bc1 Bd7 17. Qd4 Qxd4 18. cxd4 Rac8 19. Bd3 Nd6 20. Rb1 h6
21. Bb2 Nc4 22. Bc1 f5 23. Re1 Nd6 24. Bd2 b5 25. Bb4 Nf7 26. Bxf8 Kxf8 27. a4 bxa4 28. Rb7 Be8 29. Rxe6 a3 30. Ra6 Rc3
31. Rbxa7 Kg8 32. Ra8 Kf8 33. h3 g5 34. Rf6 Kg7 35. Rxf5 Bd7 36. Rxd5 Bc6 37. Rda5 gxf4 38. R8a7 Kf6 39. Rc5 Be8 40. Rxc3
1-0

[Event "winter tournament"]
[Site "SchemingMind.com"]
[Date "2014.03.27"]
[Round "-"]
[White "James Reed"]
[Black "poisonpawn1"]
[Result "0-1"]
[WhiteCountry "ENG"]
[BlackCountry "ENG"]
[WhiteElo "1370"]
[WhiteRD "65"]
[BlackElo "1706"]
[BlackRD "80"]
[GameID "351827"]

1. e4 e5 2. Nf3 Nf6 3. Nxe5 d6 4. Nf3 Nxe4 5. d3 Nf6 6. Bg5 Nc6 7. Nc3 Be7 8. h3 O-O 9. Be2 d5 10. O-O d4
11. Nb5 a6 12. Na3 b5 13. c3 dxc3 14. Nc4 bxc4 15. dxc4 cxb2 16. Rb1 Rb8 17. Qc2 Nd4 18. Nxd4 Qxd4 19. Qd3 Qe5 20. Be3 Rd8
21. Qc2 Bf5 22. Rxb2 Rxb2 23. Qa4 Rxe2 24. Qxa6 Bd6 25. c5 Qh2#
0-1

[Event "winter tournament"]
[Site "SchemingMind.com"]
[Date "2014.03.27"]
[Round "-"]
[White "poisonpawn1"]
[Black "James Reed"]
[Result "1-0"]
[WhiteCountry "ENG"]
[BlackCountry "ENG"]
[WhiteElo "1706"]
[WhiteRD "80"]
[BlackElo "1370"]
[BlackRD "65"]
[GameID "351828"]

1. c4 Nf6 2. d4 e6 3. Nf3 d5 4. Nc3 Be7 5. Bg5 Nc6 6. e3 a6 7. Bd3 h6 8. Bxf6 Bxf6 9. Qb3 O-O 10. cxd5 Na5
11. Qa3 c6 12. b4 b6 13. bxa5 Be7 14. Qb3 cxd5 15. axb6 Bb7 16. Rc1 Bf6 17. Na4 Be7 18. Nc5 Bxc5 19. dxc5 Re8 20. O-O Rc8
21. Ne5 f6 22. c6 fxe5 23. cxb7 Rxc1 24. Rxc1 Qb8 25. Bxa6 g6 26. Rc8
1-0

[Event "winter tournament"]
[Site "SchemingMind.com"]
[Date "2014.04.11"]
[Round "-"]
[White "Simon Green"]
[Black "SAMAEL"]
[Result "0-1"]
[WhiteCountry "ENG"]
[BlackCountry "CAN"]
[WhiteElo "1558"]
[WhiteRD "55"]
[BlackElo "1772"]
[BlackRD "56"]
[GameID "354493"]

1. d4 d5 2. e3 e6 3. Bd3 Nf6 4. f4 Be7 5. Nf3 O-O 6. O-O c5 7. c3 c4 8. Bc2 Nc6 9. Nbd2 h6 10. Ne5 Bd7
11. b4 b5 12. a4 a6 13. a5 Nh7 14. Ndf3 Bd6 15. Bxh7+ Kxh7 16. Bd2 Nxe5 17. fxe5 Be7 18. Qc2+ g6 19. e4 Bc6 20. exd5 Bxd5
21. Be3 Bc6 22. Qd2 g5 23. Qc2+ Kg7 24. Qf2 Bxf3 25. Qxf3 f5 26. Qc6 Qc8 27. Qxc8 Raxc8 28. h3 f4 29. Bd2 Bd8 30. Rf3 Bc7
31. g4 Rcd8 32. Be1 Rh8 33. Bf2 Rh7 34. h4 Rdh8 35. h5 Rd8 36. Rd1= Rhh8 37. Re1 Rhe8 38. Rd1 Bxe5 39. Re1 Bf6 40. Re2 e5
41. dxe5 Rxe5 42. Rxe5 Bxe5 43. Be1 Kf6 44. Kf2 Rd1 45. Ke2 Rb1 46. Bf2 Rb2+ 47. Kf1 Ke6 48. Be1 Bb8 49. Bf2 Kd5 50. Kg2 Ba7
51. Kf1 Rxf2+ 52. Rxf2 Bxf2 53. Kxf2 Ke4
0-1

[Event "winter tournament"]
[Site "SchemingMind.com"]
[Date "2014.04.07"]
[Round "-"]
[White "SAMAEL"]
[Black "Simon Green"]
[Result "1-0"]
[WhiteCountry "CAN"]
[BlackCountry "ENG"]
[WhiteElo "1772"]
[WhiteRD "56"]
[BlackElo "1558"]
[BlackRD "55"]
[GameID "354494"]

1. e4 e6 2. Nf3 d5 3. exd5 exd5 4. d4 Nf6 5. Be2 Be7 6. O-O O-O 7. Nc3 c6 8. h3 b5 9. a3 a5 10. Bd2 Nbd7
11. Nh2 Nb6 12. b3 Be6 13. Ng4 Ne4 14. Ne5 Nxc3 15. Bxc3 Qd6 16. Bb2 Nd7 17. f4 Nxe5 18. fxe5 Qd7 19. a4 b4 20. Kh2 f6
21. Qd2 c5 22. Rae1 fxe5 23. dxc5 Bxc5 24. Bxe5 Bd6 25. Bxd6 Qxd6+ 26. g3 Rxf1 27. Rxf1 Rc8 28. Bd3 Rf8 29. Rxf8+ Qxf8 30. g4 Qd6+
31. Kg2 d4 32. Qe2 Qd5+ 33. Kf2 Kf7 34. Qf3+ Qxf3+ 35. Kxf3 h6 36. Ke4 Kf6 37. Kxd4 Kg5 38. Kc5 Kh4 39. Bf1 Bd7 40. Kb6 Bxg4
41. hxg4 Kxg4 42. Kxa5
1-0

[Event "winter tournament"]
[Site "SchemingMind.com"]
[Date "2014.05.03"]
[Round "-"]
[White "maro"]
[Black "APB"]
[Result "0-1"]
[WhiteCountry "MEX"]
[BlackCountry "ENG"]
[WhiteElo "1429"]
[WhiteRD "55"]
[BlackElo "1745"]
[BlackRD "68"]
[GameID "357820"]

1. e4 c5 2. Bc4 e6 3. Nc3 Nc6 4. a3 Nf6 5. d3 Bd6 6. Nf3 O-O 7. O-O a6 8. Be3 e5 9. Nh4 Be7 10. Nf5 d6
11. Nd5 Nxd5 12. Bxd5 Bd7 13. Qg4 g6 14. Nh6+ Kg7 15. Qg3 Nd4 16. Rac1 Ne2+
0-1